000 00536pab a2200181 454500
008 180718b2008 xxu||||| |||| 00| 0 eng d
100 _aBakshi, Aparajita
245 _aSocial inequality in land ownership in India: a study with particular reference to West Bengal
260 _c2008
300 _ap.95-116.
362 _aSep-Oct
650 _aLand tenure - India - West Bengal
650 _aSocial inequality - India - West Bengal
650 _aSocial inequality
773 _aSocial Scientist
908 _aN
909 _a81002
999 _c81002
_d81002